Statystyki dla Gdzie grał ten piłkarz? #1

Kliknij tutaj aby rozwiązać quiz!

Ogólne statystyki

  • Ten quiz został rozwiązany 416 razy
  • Średni wynik to 8 z 10

Statystyki odpowiedzi

ZagadnienieOdpowiedź% Poprawnych
Robert LewandowskiLech Poznań
93%
Cristiano RonaldoSporting CP
93%
Virgil van DijkSouthampton
85%
Gianluigi BuffonParma
84%
Gerard PiquéReal Saragossa
83%
IscoMálaga CF
81%
Karim BenzemaOlympique Lyon
77%
Christian EriksenInter Mediolan
74%
Jamie VardyHalifax Town
53%
Jakub BłaszczykowskiKS Częstochowa
44%

Rozkład punktacji

Percentyl według liczby udzielonych odpowiedzi

Procent ludzi z każdym wynikiem

Twoja historia wyników

Nie rozwiązałeś tego quizu